000 00759nam a2200181Ia 4500
008 100920s9999 xx 000 0 und d
082 _b72853
_a28 व 51 थ 99
100 _aमथुरे सुरेश.
245 _aआपले भारतीय शास्त्रज्ञ.
260 _bमधुराज पब्लिकेशन्स प्रायव्हेट लिमिटेड, पुणे 2.
_c1999
300 _a48
_bसाधी
365 _b25
520 _aबा. वि चरित्र.
630 _aआपले भारतीय शास्त्रज्ञ.
650 _aबा. वि चरित्र.
730 _aआपले भारतीय शास्त्रज्ञ.
942 _cBOOK
999 _c714594
_d714591